00760nam a22001937a 450000500170000001000150001702000270003203500140005903700090007308200110008210000250009324500650011826000410018327001240022430000210034894200250036999900190039495201530041320250108111520.0 aENG-143261 a9788175246096c1300.00 aEN-126793 bDBAD a371.73 aKamlesh, M.L.976066 aPsychology in Physical Education and Sport/cBy M.L. Kamlesh aNew DelhibKhel Sahitya Kendrac2015 a7/26, Ansari Road, Darya Ganj bNew Delhie110002k011-65190343k011-43551324k011-42564726mkhelsahitya@rediffmail.com a587p.c23cm(hbk) 2ddccENh371.73mKAM c208180d208180 001040708NFICaMPbMPd2025-01-08eDelivery of Books Divisiong1300.00l0o371.73 KAMpEN-126793r2025-01-08 00:00:00t1v1300.00w2025-01-08yEN